100 największych miast w Rosji! - Statystyki

Ogólne statystyki
  • Ten quiz został rozwiązany 865 razy
  • Średni wynik to 44 z 100
Statystyki odpowiedzi
Nr Miasto Okręgi federalne Ludność % Poprawnych
1 Moskwa / Москва Centralny 12,655,050
100%
2 Saint Petersburg / Санкт-Петербург Północno-Zachodni 5,384,342
97%
5 Kazań / Казань Nadwołżański 1,257,341
87%
3 Nowosybirsk / Новосибирск Syberyjski 1,620,162
83%
10 Rostów nad Donem / Ростов-на-Дону Południowy 1,137,704
83%
15 Wołgograd / Волгоград Południowy 1,004,763
83%
11 Ufa / Уфа Nadwołżański 1,125,933
81%
6 Niżny Nowogród / Нижний Новгород Nadwołżański 1,244,254
80%
27 Władywostok / Владивосток Dalekowschodni 600,871
79%
16 Krasnodar / Краснодар Południowy 948,827
78%
8 Samara / Самара Nadwołżański 1,144,759
78%
4 Jekaterynburg / Екатеринбург Uralski 1,495,066
77%
14 Perm / Пермь Nadwołżański 1,049,199
76%
69 Murmańsk / Мурманск Północno-Zachodni 282,851
75%
9 Omsk / Омск Syberyjski 1,139,897
75%
23 Irkuck / Иркутск Syberyjski 617,515
72%
60 Smoleńsk / Смоленск Centralny 320,170
72%
13 Woroneż / Воронеж Centralny 1,050,602
71%
7 Czelabińsk / Челябинск Uralski 1,187,960
70%
45 Soczi / Сочи Południowy 432,322
68%
54 Archangielsk / Архангельск Uralski 344,656
67%
58 Grozny / Грозный Północnokaukaski 324,602
66%
12 Krasnojarsk / Красноярск Syberyjski 1,092,851
66%
57 Jakuck / Якутск Dalekowschodni 330,615
65%
40 Kaliningrad / Калининград Północno-Zachodni 493,256
64%
43 Kursk / Курск Centralny 450,977
64%
17 Saratów / Саратов Nadwołżański 830,155
64%
34 Astrachań / Астрахань Południowy 524,371
61%
26 Jarosław / Ярославль Centralny 601,403
61%
41 Tula / Тула Centralny 467,955
59%
29 Tomsk / Томск Syberyjski 568,508
58%
25 Machaczkała / Махачкала Północnokaukaski 604,266
57%
32 Riazań / Рязань Centralny 534,801
55%
93 Psków / Псков Północno-Zachodni 209,426
54%
49 Briańsk / Брянск Centralny 399,579
52%
18 Tiumeń / Тюмень Uralski 816,700
52%
20 Iżewsk / Ижевск Nadwołżański 646,468
51%
50 Biełgorod / Белгород Centralny 391,702
50%
46 Twer / Тверь Centralny 424,969
50%
22 Uljanowsk / Ульяновск Nadwołżański 625,462
50%
52 Włodzimierz / Владимир Centralny 352,347
50%
28 Orenburg / Оренбург Nadwołżański 572,819
48%
19 Togliatti / Тольятти Nadwołżański 693,072
48%
24 Chabarowsk / Хабаровск Dalekowschodni 610,305
47%
67 Władykaukaz / Владикавказ Północnokaukaski 301,543
47%
66 Orzeł / Орёл Centralny 303,696
44%
53 Czyta / Чита Dalekowschodni 350,861
43%
74 Noworosyjsk / Новороссийск Południowy 275,795
43%
44 Ułan Ude / Улан-Удэ Dalekowschodni 437,514
42%
38 Lipieck / Липецк Centralny 503,216
41%
36 Penza / Пенза Nadwołżański 516,450
41%
35 Kirow / Киров Nadwołżański 521,091
40%
42 Stawropol / Севастополь Północnokaukaski 454,488
40%
47 Magnitogorsk / Магнитогорск Uralski 413,251
38%
31 Nowokuźnieck / Новокузнецк Syberyjski 544,583
36%
30 Kemerowo / Кемерово Syberyjski 552,546
35%
89 Nowogród Wielki / Великий Новгород Dalekowschodni 225,019
35%
85 Engels / Энгельс Nadwołżański 226,143
34%
48 Iwanowo / Иваново Centralny 401,505
34%
21 Barnauł / Барнаул Syberyjski 631,124
33%
55 Niżny Tagił / Нижний Тагил Południowy 336,212
33%
70 Pietrozawodsk / Петрозаводск Północno-Zachodni 280,711
32%
65 Wołogda / Вологда Północno-Zachodni 308,530
32%
73 Joszkar-Oła / Йошкар-Ола Nadwołżański 276,155
31%
56 Kaługa / Калуга Centralny 331,842
31%
39 Czeboksary / Чебоксары Nadwołżański 495,810
30%
84 Dzierżyńsk / Дзержинск Nadwołżański 227,326
30%
33 Nabierieżnyje Czełny / Набережные Челны Nadwołżański 532,074
29%
64 Podolsk / Подольск Centralny 309,250
29%
37 Bałaszycha / Балашиха Centralny 507,307
28%
95 Jużnosachalińsk / Южно-Сахалинск Dalekowschodni 200,235
28%
82 Nalczyk / Нальчик Północnokaukaski 239,054
28%
61 Sarańsk / Саранск Nadwołżański 317,432
27%
68 Tambow / Тамбов Centralny 289,701 2
27%
77 Taganrog / Таганрог Południowy 248,269
26%
76 Chimki / Химки Centralny 257,757
25%
83 Szachty / Шахты Południowy 228,816
25%
51 Surgut / Сургут Uralski 387,235
22%
80 Komsomolsk nad Amurem / Комсомольск-на-Амуре Dalekowschodni 241,072
21%
63 Kurgan / Курган Uralski 309,285
21%
90 Orsk / Орск Nadwołżański 224,814
21%
86 Błagowieszczeńsk / Благовещенск Dalekowschodni 225,757
20%
72 Kostroma / Кострома Centralny 277,393
20%
59 Wołżski / Волжский Południowy 323,853
20%
62 Czerepowiec / Череповец Północno-Zachodni 312,091
19%
79 Syktywkar / Сыктывкар Północno-Zachodni 243,926
19%
88 Brack / Братск Syberyjski 225,037
18%
71 Niżniewartowsk / Нижневартовск Uralski 278,725
18%
98 Abakan / Абакан Syberyjski 187,239
17%
81 Niżniekamsk / Нижнекамск Nadwołżański 240,097
17%
92 Angarsk / Ангарск Syberyjski 222,855
16%
91 Stary Oskoł / Старый Оскол Centralny 223,711
14%
78 Mytiszczi / Мытищи Centralny 245,643
13%
75 Sterlitamak / Стерлитамак Nadwołżański 274,134
13%
96 Bijsk / Бийск Syberyjski 198,433
11%
87 Korolow / Королёв Centralny 225,299
11%
100 Bałakowo / Балаково Nadwołżański 186,012
10%
99 Armawir / Армавир Południowy 187,215
9%
94 Lubiercy / Люберцы Centralny 208,397
9%
97 Prokopjewsk / Прокопьевск Syberyjski 187,877
8%
Nie znaleziono quizów pasujących do podanych kryteriów
Rozkład punktacji
Procent ludzi z każdym wynikiem
Percentyl według liczby udzielonych odpowiedzi
Twoja historia wyników
Nie rozwiązałeś tego quizu